00583nam a2200193Ia 4500003000900000008004100009040001300050040001300063041000800076100001900084245003100103250001100134260000900145300000800154490000600162942000700168999001700175952019700192IT-RoPAU120407s9999 xx 000 0 und d aIT-RoPAU cIT-RoPAU aita aGiovanni Locke aSaggio sul governo civile. aNapoli c1956 c cm v1 cBK c17627d17627 00102ddc406192_20000000000000071aPAULUSbPAULUSd2012-04-11l0o192.2r2012-04-11 00:00:00w2012-04-11yBKzInserito da: Jole In data: 12 settembre 2011 fondo: Via A.Severo 56 Progr:31674